000 00578nam a2200229 a 4500
001 nice12345678
003 IN_TiNIC
005 20260116013418.0
008 070309s1988 hyda grp 000 0 ara
020 _a
_c297
082 0 0 _a297.1227
_bQUN
100 _aQunawi, Mohd Bin Ishaq Sadruddin
245 _aIjazul Bayan
260 _aHyderabad
_bDairatul Maarif
_c1988
300 _a390p
500 _aincludes index and biblioraphy
650 _aQuran-Hermeneutics
700 1 _aQunawi, Mohd Bin Ishaq Sadruddin
902 _bRHR
942 _cBK
999 _c10885
_d10885